[Event "Jean-Pierre Roy mem"]
[Site "Hull CAN"]
[Date "1999.10.26"]
[Round "2"]
[White "Boffo, Mario"]
[Black "Groleau, Gilles"]
[Result "0-1"]
[WhiteElo "1065"]
[BlackElo "2000"]
[PlyCount "80"]
[GameId "2160767911741985"]
[EventDate "1999.10.19"]
[EventType "swiss"]
[EventRounds "4"]
[EventCountry "CAN"]
[SourceTitle "EXT 2022"]
[Source "ChessBase"]
[SourceDate "2021.10.06"]
[SourceVersion "1"]
[SourceVersionDate "2021.10.06"]
[SourceQuality "1"]

1. e4 c5 2. Bc4 e6 3. d3 Nc6 4. Na3 a6 5. b3 b5 6. Nxb5 axb5 7. Bxb5 Qa5+ 8. Bd2 Qxb5 9. a4 Qb6 10. Nf3 Nf6 11. e5 Nd5 12. O-O Be7 13. Ng5 Nxe5 14. a5 Qc6 15. f4 Ng6 16. Bc3 Nxc3 17. Qd2 Nd5 18. f5 exf5 19. Rxf5 O-O 20. c4 Nf6 21. Raf1 d6 22. R5f3 d5 23. Qb2 d4 24. Qd2 Rb8 25. Qb2 Rb4 26. Qf2 Rxb3 27. Nxh7 Kxh7 28. h4 Bg4 29. Rg3 Bd6 30. Qc2 Rc3 31. Qf2 Qc7 32. Rxg4 Nxg4 33. Qf5 Ne3 34. Qf3 Bh2+ 35. Kh1 Nxf1 36. Qxf1 Qf4 37. Qxf4 Bxf4 38. Kg1 Rxd3 39. h5 Bg3 40. Kf1 Nf4 0-1

[Event "Jean-Pierre Roy mem"]
[Site "Hull CAN"]
[Date "1999.10.26"]
[Round "2"]
[White "Gagnon, Fabien"]
[Black "Marghetis, Aris"]
[Result "1/2-1/2"]
[WhiteElo "2087"]
[BlackElo "1745"]
[PlyCount "126"]
[GameId "2160767911741986"]
[EventDate "1999.10.19"]
[EventType "swiss"]
[EventRounds "4"]
[EventCountry "CAN"]
[SourceTitle "EXT 2022"]
[Source "ChessBase"]
[SourceDate "2021.10.06"]
[SourceVersion "1"]
[SourceVersionDate "2021.10.06"]
[SourceQuality "1"]

1. e4 c5 2. Nc3 Nc6 3. g3 g6 4. Bg2 Bg7 5. d3 e6 6. f4 Nge7 7. Nf3 O-O 8. O-O Rb8 9. Be3 d6 10. e5 dxe5 11. Nxe5 Nxe5 12. fxe5 b6 13. Bf4 Bb7 14. Bxb7 Rxb7 15. Qf3 Rd7 16. Ne4 Nd5 17. Bg5 Qa8 18. Nf6+ Nxf6 19. Qxa8 Rxa8 20. Bxf6 Rc8 21. Bxg7 Kxg7 22. Rf4 Rd5 23. Re1 b5 24. Kf2 g5 25. Rfe4 h5 26. h3 Rcd8 27. Ke3 Kg6 28. Rf1 Rd4 29. Rd1 Rxe4+ 30. Kxe4 Rd4+ 31. Ke3 f5 32. exf6 Kxf6 33. Rf1+ Ke7 34. b3 b4 35. Rc1 Kd6 36. Rf1 Ke7 37. Rc1 Rd5 38. c3 a5 39. cxb4 axb4 40. a3 Re5+ 41. Kf2 bxa3 42. Ra1 Rf5+ 43. Ke2 g4 44. hxg4 hxg4 45. Rxa3 Rf3 46. Ra4 Rxg3 47. b4 cxb4 48. Rxb4 Kf6 49. Kf2 Rf3+ 50. Kg2 Kg5 51. Rb5+ Rf5 52. Rb6 Re5 53. d4 Re2+ 54. Kf1 Re4 55. Rd6 Kf4 56. d5 e5 57. Rf6+ Ke3 58. Kg2 Rd4 59. d6 Kd3 60. Kg3 e4 61. Kxg4 e3+ 62. Kf3 Rd5 63. d7 Rxd7 1/2-1/2

[Event "Jean-Pierre Roy mem"]
[Site "Hull CAN"]
[Date "1999.10.26"]
[Round "2"]
[White "Thomann, Olivier"]
[Black "Levesque, Andre"]
[Result "1-0"]
[WhiteElo "1768"]
[BlackElo "1364"]
[PlyCount "59"]
[GameId "2160767911741987"]
[EventDate "1999.10.19"]
[EventType "swiss"]
[EventRounds "4"]
[EventCountry "CAN"]
[SourceTitle "EXT 2022"]
[Source "ChessBase"]
[SourceDate "2021.10.06"]
[SourceVersion "1"]
[SourceVersionDate "2021.10.06"]
[SourceQuality "1"]

1. e4 c5 2. Nc3 Nc6 3. f4 g6 4. Nf3 Bg7 5. d3 a6 6. Be3 d6 7. Qd2 b5 8. Be2 b4 9. Nd1 a5 10. O-O f5 11. c3 Qb6 12. exf5 Bxf5 13. d4 O-O-O 14. d5 Na7 15. Ng5 Rf8 16. Nf2 Nf6 17. g4 Bd7 18. cxb4 axb4 19. a4 Qa5 20. Nge4 Kd8 21. Rfc1 Nc8 22. Nxc5 dxc5 23. Rxc5 Qa8 24. g5 Ne8 25. Qxb4 Ned6 26. Rac1 Ke8 27. a5 Nb7 28. Rxc8+ Bxc8 29. Bb5+ Kf7 30. Rc7 1-0

[Event "Jean-Pierre Roy mem"]
[Site "Hull CAN"]
[Date "1999.11.02"]
[Round "3"]
[White "Gagnon, Fabien"]
[Black "Dessmark, Andres"]
[Result "1/2-1/2"]
[WhiteElo "2087"]
[BlackElo "1777"]
[PlyCount "62"]
[GameId "2160767911741988"]
[EventDate "1999.10.19"]
[EventType "swiss"]
[EventRounds "4"]
[EventCountry "CAN"]

1. e4 e6 2. d4 d5 3. Nd2 Nf6 4. e5 Nfd7 5. Bd3 c5 6. c3 Nc6 7. Ne2 f6 8. exf6 Nxf6 9. O-O cxd4 10. cxd4 Bd6 11. Nf3 O-O 12. Bd2 Ng4 13. Ng3 Nxd4 14. Ng5 Nf6 15. Bc3 e5 16. Bxd4 exd4 17. Re1 Ng4 18. Nf3 Qf6 19. Qb3 Be6 20. Rxe6 Qxe6 21. Re1 Qf7 22. Bf5 Bxg3 23. Be6 Bxf2+ 24. Kf1 Bxe1 25. Bxf7+ Rxf7 26. Kxe1 Re8+ 27. Kd2 Ne3 28. Qb5 Nc4+ 29. Kc1 Rc8 30. Kb1 Ne3 31. a3 Nxg2 1/2-1/2

[Event "Jean-Pierre Roy mem"]
[Site "Hull CAN"]
[Date "1999.11.02"]
[Round "3"]
[White "Groleau, Gilles"]
[Black "D'Auteuil, Louis"]
[Result "1-0"]
[WhiteElo "2000"]
[BlackElo "1334"]
[PlyCount "105"]
[GameId "2160767911741989"]
[EventDate "1999.10.19"]
[EventType "swiss"]
[EventRounds "4"]
[EventCountry "CAN"]
[SourceTitle "EXT 2022"]
[Source "ChessBase"]
[SourceDate "2021.10.06"]
[SourceVersion "1"]
[SourceVersionDate "2021.10.06"]
[SourceQuality "1"]

1. e4 e5 2. Nf3 d6 3. d4 Nf6 4. Nc3 Bg4 5. dxe5 Nfd7 6. exd6 Bxd6 7. Be2 Be6 8. O-O O-O 9. Bg5 Be7 10. Qd2 f6 11. Bf4 Nc6 12. Rad1 Qc8 13. Nd5 Bd6 14. c4 Rf7 15. Bxd6 cxd6 16. Nf4 Bg4 17. Qxd6 Bxf3 18. gxf3 Nde5 19. c5 Rd7 20. Qe6+ Kh8 21. a3 Qc7 22. b4 Rad8 23. Rxd7 Qxd7 24. Rd1 Nd4 25. Qxd7 Rxd7 26. Kf1 Nc2 27. Rxd7 Nxd7 28. Ne6 Nxa3 29. Nd8 Nc2 30. Bc4 h6 31. c6 bxc6 32. Nxc6 Ne5 33. Nxe5 fxe5 34. b5 Nd4 35. Kg2 Kh7 36. Kg3 Kg6 37. f4 Kf6 38. h4 g6 39. Bd3 Ne6 40. fxe5+ Kxe5 41. Kf3 Nf4 42. Bf1 Ne6 43. Ke3 Nc5 44. f4+ Kf6 45. e5+ Ke6 46. Bc4+ Kf5 47. Bd3+ Nxd3 48. Kxd3 Ke6 49. Ke4 Kd7 50. f5 g5 51. hxg5 hxg5 52. Kf3 Ke7 53. Kg4 1-0

[Event "Jean-Pierre Roy mem"]
[Site "Hull CAN"]
[Date "1999.11.02"]
[Round "3"]
[White "Lacourse, Guy"]
[Black "Thomann, Olivier"]
[Result "0-1"]
[WhiteElo "1613"]
[BlackElo "1768"]
[PlyCount "53"]
[GameId "2160767911741990"]
[EventDate "1999.10.19"]
[EventType "swiss"]
[EventRounds "4"]
[EventCountry "CAN"]
[SourceTitle "EXT 2022"]
[Source "ChessBase"]
[SourceDate "2021.10.06"]
[SourceVersion "1"]
[SourceVersionDate "2021.10.06"]
[SourceQuality "1"]

1. d4 Nf6 2. Nf3 g6 3. c4 Bg7 4. Nc3 O-O 5. e4 d6 6. Be2 e5 7. O-O Nc6 8. d5 Ne7 9. Ne1 Nd7 10. Be3 f5 11. f3 f4 12. Bf2 g5 13. g4 Ng6 14. b4 Kf7 15. c5 Nf6 16. Rc1 Bd7 17. Qb3 a6 18. a4 Rh8 19. Ng2 h5 20. h3 hxg4 21. hxg4 Rh3 22. cxd6 cxd6 23. Rfd1 Qh8 24. Kf1 Rh1+ 25. Bg1 Qh2 26. Kf2 Qg3+ 27. Kf1 0-1

[Event "Jean-Pierre Roy mem"]
[Site "Hull CAN"]
[Date "1999.11.09"]
[Round "4"]
[White "Dessmark, Andres"]
[Black "Lacourse, Guy"]
[Result "1-0"]
[WhiteElo "1777"]
[BlackElo "1613"]
[PlyCount "85"]
[GameId "2160767911741991"]
[EventDate "1999.10.19"]
[EventType "swiss"]
[EventRounds "4"]
[EventCountry "CAN"]
[SourceTitle "EXT 2022"]
[Source "ChessBase"]
[SourceDate "2021.10.06"]
[SourceVersion "1"]
[SourceVersionDate "2021.10.06"]
[SourceQuality "1"]

1. d4 Nf6 2. c4 e6 3. Nc3 d5 4. cxd5 exd5 5. Bg5 Nbd7 6. e3 c6 7. Bd3 Be7 8. Qc2 Ng4 9. Bxe7 Qxe7 10. Nf3 Ngf6 11. O-O O-O 12. a3 Re8 13. b4 a6 14. Rfb1 Ne4 15. Bxe4 dxe4 16. Nd2 Nf6 17. Nc4 Be6 18. Ne2 Bxc4 19. Qxc4 Nd5 20. Nc3 Rad8 21. a4 Qh4 22. b5 axb5 23. axb5 Re6 24. Nxd5 cxd5 25. Qc7 Qe7 26. Rc1 Qxc7 27. Rxc7 Rb6 28. Rd7 Re8 29. Rxd5 g6 30. g3 f5 31. Rc1 Re7 32. Rcc5 Kf7 33. Kg2 h5 34. f3 Rbe6 35. f4 b6 36. Rc6 Rxc6 37. bxc6 Rc7 38. Rd6 b5 39. Kf2 b4 40. Ke1 Rc8 41. Kd2 Ra8 42. c7 Rc8 43. Rc6 1-0

[Event "Jean-Pierre Roy mem"]
[Site "Hull CAN"]
[Date "1999.11.09"]
[Round "4"]
[White "Thomann, Olivier"]
[Black "Cote, Jacques"]
[Result "0-1"]
[WhiteElo "1768"]
[BlackElo "2105"]
[PlyCount "63"]
[GameId "2160767911741992"]
[EventDate "1999.10.19"]
[EventType "swiss"]
[EventRounds "4"]
[EventCountry "CAN"]
[SourceTitle "EXT 2022"]
[Source "ChessBase"]
[SourceDate "2021.10.06"]
[SourceVersion "1"]
[SourceVersionDate "2021.10.06"]
[SourceQuality "1"]

1. e4 d6 2. d4 Nf6 3. Nc3 g6 4. Bc4 Bg7 5. f3 O-O 6. Be3 Nc6 7. Qd2 a6 8. O-O-O b5 9. Bb3 Bb7 10. Nd5 Rc8 11. h4 e6 12. Nf4 e5 13. dxe5 Nxe5 14. h5 c5 15. Ne6 fxe6 16. Bxe6+ Nf7 17. hxg6 hxg6 18. Bh6 Qe7 19. Bxc8 Rxc8 20. Bxg7 Kxg7 21. Nh3 Qe5 22. Nf4 c4 23. c3 b4 24. Nd5 Bxd5 25. exd5 bxc3 26. Qxc3 Qxc3+ 27. bxc3 Rc5 28. Rhe1 Ne5 29. Kc2 Nxd5 30. Re4 Ra5 31. a4 g5 32. Red4 0-1

[Event "Kent Oliver mem"]
[Site "Winnipeg CAN"]
[Date "1999.01.08"]
[Round "1"]
[White "Andersen, Sune"]
[Black "Gibson, Kris"]
[Result "0-1"]
[WhiteElo "2065"]
[BlackElo "1721"]
[PlyCount "54"]
[GameId "2160767911805822"]
[EventDate "1999.01.08"]
[EventType "swiss"]
[EventRounds "5"]
[EventCountry "CAN"]

1. e4 c5 2. c3 Nf6 3. e5 Nd5 4. d4 cxd4 5. cxd4 Nc6 6. Nf3 d6 7. exd6 Qxd6 8. Nc3 Nxc3 9. bxc3 e5 10. d5 Ne7 11. Bb5+ Bd7 12. Bxd7+ Qxd7 13. c4 Ng6 14. O-O Bd6 15. Be3 O-O 16. c5 e4 17. Ng5 Be5 18. Rb1 Rfe8 19. Rb4 Rac8 20. Nxe4 f5 21. Ng5 f4 22. Qb3 h6 23. d6+ Kh8 24. Rxb7 Qg4 25. Nf7+ Kh7 26. d7 f3 27. g3 Qh3 0-1

[Event "Kent Oliver mem"]
[Site "Winnipeg CAN"]
[Date "1999.01.08"]
[Round "1"]
[White "Gentes, Kevin"]
[Black "Cummer, Jeff"]
[Result "1-0"]
[WhiteElo "2387"]
[BlackElo "1825"]
[PlyCount "55"]
[GameId "2160767911805823"]
[EventDate "1999.01.08"]
[EventType "swiss"]
[EventRounds "5"]
[EventCountry "CAN"]

1. d4 f5 2. Nc3 Nf6 3. Bg5 g6 4. Bxf6 exf6 5. e3 c6 6. Bd3 d5 7. Qf3 b6 8. h4 h5 9. Nge2 Bd6 10. Nf4 Bxf4 11. Qxf4 Ba6 12. O-O-O Bxd3 13. cxd3 Na6 14. e4 Qc7 15. Qf3 dxe4 16. dxe4 O-O-O 17. exf5 gxf5 18. Qxf5+ Kb8 19. g3 Qf7 20. Rhe1 Nb4 21. a3 Nd5 22. Nxd5 Rxd5 23. Qf4+ Kb7 24. Re5 Rd7 25. Rf5 Qc4+ 26. Kb1 Re8 27. d5 Qc5 28. Rc1 1-0

[Event "Kent Oliver mem"]
[Site "Winnipeg CAN"]
[Date "1999.01.08"]
[Round "1"]
[White "Gushuliak, Justin"]
[Black "Gantzert, Rene"]
[Result "0-1"]
[WhiteElo "2015"]
[BlackElo "1698"]
[PlyCount "58"]
[GameId "2160767911805824"]
[EventDate "1999.01.08"]
[EventType "swiss"]
[EventRounds "5"]
[EventCountry "CAN"]

1. e4 c5 2. c3 d6 3. d4 cxd4 4. cxd4 Nf6 5. Nc3 e6 6. Bd3 Be7 7. f3 O-O 8. Be3 Nbd7 9. Qd2 a6 10. g4 h6 11. h4 e5 12. dxe5 Nxe5 13. Be2 Nfxg4 14. fxg4 Bxh4+ 15. Rxh4 Qxh4+ 16. Bf2 Qd8 17. O-O-O Bxg4 18. Bxg4 Nxg4 19. Bg3 Rc8 20. Bxd6 Re8 21. Nge2 Rxe4 22. Ng3 Re6 23. Kb1 Ne3 24. Nge4 Nxd1 25. Qxd1 Rc6 26. Qa4 Rexd6 27. Nxd6 Qxd6 28. Kc2 Qh2+ 29. Kd3 Rg6 0-1

[Event "Kent Oliver mem"]
[Site "Winnipeg CAN"]
[Date "1999.01.08"]
[Round "1"]
[White "Kaptsan, Aron"]
[Black "Guenther, Don"]
[Result "1-0"]
[WhiteElo "2181"]
[BlackElo "1794"]
[PlyCount "79"]
[GameId "2160767911805825"]
[EventDate "1999.01.08"]
[EventType "swiss"]
[EventRounds "5"]
[EventCountry "CAN"]

1. d4 Nf6 2. c4 g6 3. Nc3 Bg7 4. e4 d6 5. Nf3 O-O 6. Be2 c6 7. O-O Qc7 8. h3 e5 9. Be3 Nbd7 10. d5 Ne8 11. Nd2 Nb6 12. Bd3 f5 13. f4 Qe7 14. Qe2 Bd7 15. Rac1 Bf6 16. Nf3 exf4 17. Bxf4 g5 18. Be3 f4 19. Bd4 Ng7 20. e5 dxe5 21. Bxe5 Bf5 22. Rfe1 Rae8 23. d6 Qd8 24. Bxf5 Nxf5 25. Qd3 Ne3 26. Bxf6 Rxf6 27. Ne4 Rfe6 28. Nexg5 Rg6 29. h4 Qf6 30. Re2 h6 31. Nh3 Rg7 32. b3 Nd7 33. c5 Ne5 34. Qe4 Nxf3+ 35. Qxf3 Qd4 36. Kh1 Rg4 37. Qxg4+ Nxg4 38. Rxe8+ Kf7 39. Re7+ Kf8 40. Rf1 1-0

[Event "Kent Oliver mem"]
[Site "Winnipeg CAN"]
[Date "1999.01.08"]
[Round "1"]
[White "Penner, Wesley"]
[Black "Nikouline, Alexandre"]
[Result "0-1"]
[WhiteElo "1780"]
[BlackElo "2140"]
[PlyCount "72"]
[GameId "2160767911805826"]
[EventDate "1999.01.08"]
[EventType "swiss"]
[EventRounds "5"]
[EventCountry "CAN"]

1. e4 e6 2. d4 d5 3. Nd2 c5 4. Ngf3 Nc6 5. dxc5 Bxc5 6. exd5 exd5 7. Nb3 Bb6 8. Bd3 Qe7+ 9. Qe2 Bg4 10. O-O O-O-O 11. Qxe7 Ngxe7 12. Ne1 Ne5 13. Bf4 f6 14. h3 Bh5 15. Rc1 g5 16. Bg3 N7c6 17. Kh1 Nxd3 18. Nxd3 Rhe8 19. f3 Re2 20. Rfe1 Rde8 21. Rxe2 Rxe2 22. Re1 Rxc2 23. Re6 Bg6 24. Nf2 Bxf2 25. Bxf2 Rxf2 26. Rxf6 Kc7 27. Nc5 d4 28. Ne6+ Kd6 29. Nxg5+ Kd5 30. Nf7 Bxf7 31. Rxf7 Rf1+ 32. Kh2 d3 33. Rxh7 Kc5 34. Rd7 Nd4 35. b4+ Kc4 36. a4 d2 0-1

[Event "Kent Oliver mem"]
[Site "Winnipeg CAN"]
[Date "1999.01.08"]
[Round "1"]
[White "Repa, Jason"]
[Black "Charter, Bennet"]
[Result "0-1"]
[WhiteElo "1913"]
[BlackElo "1568"]
[PlyCount "64"]
[GameId "2160767911805827"]
[EventDate "1999.01.08"]
[EventType "swiss"]
[EventRounds "5"]
[EventCountry "CAN"]

1. f4 d5 2. b3 Nc6 3. Nf3 Nf6 4. Bb2 e6 5. e3 g6 6. g4 Bg7 7. g5 Nh5 8. Bxg7 Nxg7 9. Bb5 Bd7 10. Qc1 a6 11. Bxc6 Bxc6 12. Ne5 Bb5 13. a4 Bd7 14. Qb2 O-O 15. Ng4 Bc6 16. O-O Qc8 17. Nc3 Rd8 18. Ne2 b5 19. Nd4 Qb7 20. Rf3 bxa4 21. Rh3 axb3 22. Nh6+ Kf8 23. Nxf7 Kxf7 24. Nxc6 Qxc6 25. Rxh7 d4 26. cxb3 Qd7 27. Ra4 c5 28. Rc4 Kg8 29. Rh6 dxe3 30. d4 cxd4 31. Rxg6 d3 32. Qc1 d2 0-1

[Event "Kent Oliver mem"]
[Site "Winnipeg CAN"]
[Date "1999.01.08"]
[Round "1"]
[White "Schulz, Waldemar"]
[Black "Costales, Servillano"]
[Result "1-0"]
[WhiteElo "2085"]
[BlackElo "1759"]
[PlyCount "89"]
[GameId "2160767911805828"]
[EventDate "1999.01.08"]
[EventType "swiss"]
[EventRounds "5"]
[EventCountry "CAN"]

1. Nf3 g6 2. d4 Bg7 3. c4 e6 4. e4 Ne7 5. Nc3 d6 6. Be3 Nd7 7. Qd2 h6 8. Bd3 c6 9. O-O b6 10. Rad1 Qc7 11. Rc1 Bb7 12. Rfd1 f5 13. b4 g5 14. g3 Nf6 15. Qc2 Ng4 16. Bd2 O-O 17. Be2 Rf7 18. h3 Nf6 19. e5 Nd7 20. exd6 Qxd6 21. c5 Qc7 22. Re1 Rf6 23. Nxg5 hxg5 24. Bxg5 Raf8 25. Bxf6 Rxf6 26. Bf1 Rg6 27. Qd3 Kh8 28. Bg2 e5 29. dxe5 Nxe5 30. Qe2 Bc8 31. Kh2 Bf6 32. cxb6 Qxb6 33. b5 cxb5 34. Nd5 Nxd5 35. Rxc8+ Kg7 36. Bxd5 Kh6 37. Qe3+ Qxe3 38. Rxe3 a6 39. f4 Nd7 40. Re6 a5 41. Rc7 Nf8 42. Ra6 b4 43. Bf7 Bc3 44. Bxg6 Nxg6 45. Rcc6 1-0

[Event "Kent Oliver mem"]
[Site "Winnipeg CAN"]
[Date "1999.01.08"]
[Round "1"]
[White "Wierda, John"]
[Black "Rasmussen, Barry"]
[Result "0-1"]
[WhiteElo "1814"]
[BlackElo "2259"]
[PlyCount "42"]
[GameId "2160767911805829"]
[EventDate "1999.01.08"]
[EventType "swiss"]
[EventRounds "5"]
[EventCountry "CAN"]

1. e4 c5 2. c3 Qa5 3. Nf3 Nc6 4. Na3 d6 5. d4 cxd4 6. Nxd4 Nf6 7. Nc4 Qc7 8. f3 g6 9. Be3 Bg7 10. Be2 O-O 11. O-O Nxd4 12. cxd4 d5 13. Nd2 e5 14. Rc1 Qb6 15. dxe5 Qxe3+ 16. Kh1 Nh5 17. Rc3 Qh6 18. f4 Nxf4 19. exd5 Bxe5 20. Rcf3 Nxe2 21. Rh3 Bxh3 0-1

[Event "Kent Oliver mem"]
[Site "Winnipeg CAN"]
[Date "1999.01.09"]
[Round "2"]
[White "Gibbons, Michael"]
[Black "Gantzert, Rene"]
[Result "1-0"]
[WhiteElo "2071"]
[BlackElo "1678"]
[PlyCount "57"]
[GameId "2160767911805831"]
[EventDate "1999.01.08"]
[EventType "swiss"]
[EventRounds "5"]
[EventCountry "CAN"]

1. Nf3 d6 2. d4 Bg4 3. c4 Nd7 4. h3 Bxf3 5. exf3 c5 6. d5 Ngf6 7. Nc3 g6 8. Bd3 Bg7 9. f4 O-O 10. O-O a6 11. a4 Rb8 12. Re1 Re8 13. g4 Nf8 14. f5 h6 15. h4 N6d7 16. fxg6 Nxg6 17. Bxg6 fxg6 18. f4 Bd4+ 19. Be3 Bxe3+ 20. Rxe3 Nf8 21. g5 hxg5 22. hxg5 e6 23. dxe6 Nxe6 24. Qd5 Qd7 25. Rae1 Kf7 26. Ne4 Rbd8 27. Nf6 Qe7 28. Nxe8 Rxe8 29. Rxe6 1-0

[Event "Kent Oliver mem"]
[Site "Winnipeg CAN"]
[Date "1999.01.09"]
[Round "2"]
[White "Lukic, Luka"]
[Black "Kaptsan, Aron"]
[Result "1/2-1/2"]
[WhiteElo "1900"]
[BlackElo "2181"]
[PlyCount "58"]
[GameId "2160767911805832"]
[EventDate "1999.01.08"]
[EventType "swiss"]
[EventRounds "5"]
[EventCountry "CAN"]

1. d4 Nf6 2. c4 e6 3. Nc3 Bb4 4. e3 Nc6 5. Nge2 d5 6. a3 Bd6 7. c5 Be7 8. b4 a6 9. Nf4 O-O 10. Be2 Nb8 11. O-O c6 12. Bb2 Nbd7 13. Nd3 Qc7 14. Nb1 Ne8 15. Nd2 f5 16. Nf3 Ndf6 17. Nfe5 Ne4 18. f3 Ng5 19. Qc2 Nf7 20. Nxf7 Rxf7 21. Ne5 Rf8 22. Bc3 Nf6 23. Be1 Bd7 24. Bh4 Be8 25. h3 Qd8 26. f4 Ne4 27. Bxe7 Qxe7 28. Bf3 Ng3 29. Rfb1 Nh5 1/2-1/2

[Event "Kent Oliver mem"]
[Site "Winnipeg CAN"]
[Date "1999.01.09"]
[Round "2"]
[White "Milord, Frank"]
[Black "Schulz, Waldemar"]
[Result "0-1"]
[WhiteElo "1715"]
[BlackElo "2085"]
[PlyCount "65"]
[GameId "2160767911805833"]
[EventDate "1999.01.08"]
[EventType "swiss"]
[EventRounds "5"]
[EventCountry "CAN"]

1. d4 Nf6 2. c4 g6 3. Nc3 d5 4. Nf3 Bg7 5. Qb3 dxc4 6. Qxc4 O-O 7. e4 a6 8. Qb3 b5 9. Be2 Bb7 10. d5 c5 11. O-O Nbd7 12. Qc2 Nb6 13. Bg5 Rc8 14. Rab1 Qc7 15. Nd1 Rfe8 16. Ne3 Nfd7 17. Bh4 Ne5 18. Bg3 Nbd7 19. b3 Qb6 20. Bxe5 Nxe5 21. Nxe5 Bxe5 22. Bd3 Red8 23. Qe2 e6 24. a4 exd5 25. Nxd5 Qd6 26. axb5 axb5 27. Bxb5 Bxh2+ 28. Kh1 Be5 29. Bc4 Bxd5 30. Bxd5 Kg7 31. g4 Qf6 32. f3 Qh4+ 33. Kg2 0-1

[Event "Kent Oliver mem"]
[Site "Winnipeg CAN"]
[Date "1999.01.09"]
[Round "2"]
[White "Nikouline, Alexandre"]
[Black "Gibson, Kris"]
[Result "1/2-1/2"]
[WhiteElo "2140"]
[BlackElo "1721"]
[PlyCount "108"]
[GameId "2160767911805834"]
[EventDate "1999.01.08"]
[EventType "swiss"]
[EventRounds "5"]
[EventCountry "CAN"]

1. e4 c5 2. c3 Nf6 3. e5 Nd5 4. d4 cxd4 5. cxd4 d6 6. Nf3 Nc6 7. Bc4 dxe5 8. Nxe5 Nxe5 9. dxe5 e6 10. Nc3 Bb4 11. Bxd5 Bxc3+ 12. bxc3 Qxd5 13. Qxd5 exd5 14. Ba3 Be6 15. O-O Rc8 16. Rab1 Rxc3 17. Rxb7 Rxa3 18. Rb8+ Kd7 19. Rxh8 d4 20. Rd1 d3 21. Rxh7 Bxa2 22. Rh3 Bc4 23. Rh4 Rc3 24. Rd4+ Ke6 25. f4 a5 26. g4 a4 27. Ra1 a3 28. Kf2 Rc2+ 29. Ke3 Re2+ 30. Kf3 Bd5+ 31. Kg3 Re3+ 32. Kf2 Rf3+ 33. Ke1 a2 34. Kd2 Rh3 35. Rxd3 Rxh2+ 36. Ke3 Rh3+ 37. Kd4 Rxd3+ 38. Kxd3 g5 39. Ke3 gxf4+ 40. Kxf4 f6 41. exf6 Kxf6 42. Rg1 Bb3 43. g5+ Kg6 44. Rh1 Kg7 45. Rc1 Bc2 46. Kg4 Kg6 47. Re1 Be4 48. Rd1 Bd3 49. Kh4 Kf5 50. Rc1 Bc2 51. Kh5 Ke5 52. g6 Kd4 53. g7 Bb3 54. Kh6 Kd3 1/2-1/2

[Event "Kent Oliver mem"]
[Site "Winnipeg CAN"]
[Date "1999.01.09"]
[Round "2"]
[White "Rasmussen, Barry"]
[Black "Khedkar, Jay"]
[Result "1-0"]
[WhiteElo "2259"]
[BlackElo "1919"]
[PlyCount "45"]
[GameId "2160767911805835"]
[EventDate "1999.01.08"]
[EventType "swiss"]
[EventRounds "5"]
[EventCountry "CAN"]

1. e4 c5 2. Nf3 d6 3. d4 cxd4 4. Nxd4 Nf6 5. Nc3 a6 6. Be3 e6 7. g4 h6 8. Rg1 Nc6 9. h4 Qc7 10. g5 hxg5 11. hxg5 Nd7 12. g6 Nde5 13. Nxc6 bxc6 14. gxf7+ Qxf7 15. f4 Nd7 16. Qd2 d5 17. O-O-O Bb4 18. a3 Ba5 19. Bd3 Qe7 20. exd5 cxd5 21. Bd4 Nf6 22. Qg2 Kf8 23. Bc5 1-0

[Event "Kent Oliver mem"]
[Site "Winnipeg CAN"]
[Date "1999.01.09"]
[Round "2"]
[White "Roque, Rodolfo"]
[Black "Xia, Yanchong"]
[Result "1-0"]
[WhiteElo "1997"]
[BlackElo "1409"]
[PlyCount "78"]
[GameId "2160767911805836"]
[EventDate "1999.01.08"]
[EventType "swiss"]
[EventRounds "5"]
[EventCountry "CAN"]

1. e4 c5 2. Bc4 Nc6 3. a3 Nf6 4. Nc3 g6 5. Nf3 Bg7 6. d3 O-O 7. O-O d6 8. h3 e6 9. Bg5 h6 10. Bh4 g5 11. Bg3 d5 12. exd5 exd5 13. Ba2 b6 14. Qd2 Bb7 15. Rfe1 Qd7 16. Rab1 d4 17. Ne4 Nxe4 18. dxe4 a5 19. Rbd1 Rad8 20. Qd3 Ra8 21. e5 Nd8 22. c3 Ne6 23. Bb1 Rfd8 24. Qh7+ Kf8 25. Nh2 Ke7 26. Ng4 Rh8 27. Qf5 Nc7 28. Qc2 Qc6 29. f3 Ne6 30. Qf5 Bc8 31. Qc2 Rd8 32. Nf6 Nf4 33. Bxf4 gxf4 34. Qh7 dxc3 35. Rxd8 Kxd8 36. Qxg7 cxb2 37. Rd1+ Kc7 38. Qxf7+ Kb8 39. Nd7+ Bxd7 1-0

[Event "Kent Oliver mem"]
[Site "Winnipeg CAN"]
[Date "1999.01.09"]
[Round "2"]
[White "Schulz, Manfred"]
[Black "Gentes, Kevin"]
[Result "0-1"]
[WhiteElo "1957"]
[BlackElo "2387"]
[PlyCount "80"]
[GameId "2160767911805837"]
[EventDate "1999.01.08"]
[EventType "swiss"]
[EventRounds "5"]
[EventCountry "CAN"]

1. e4 c5 2. Nf3 d6 3. d4 cxd4 4. Nxd4 Nf6 5. Nc3 a6 6. Bc4 e6 7. Bb3 b5 8. a3 Bb7 9. f3 Nc6 10. Nxc6 Bxc6 11. Be3 Be7 12. Qd2 Qc7 13. g4 Nd7 14. O-O-O a5 15. h4 O-O 16. g5 Nc5 17. Ba2 b4 18. Ne2 b3 19. Bb1 bxc2 20. Bxc2 Bxe4 21. Bxc5 Bxc2 22. Qxc2 Rfc8 23. Rd3 Qb7 24. Rc3 Rxc5 25. Rxc5 dxc5 26. Rh3 Rd8 27. Nc3 Rd4 28. Ne2 Rd8 29. Nc3 Qa6 30. Rh1 Rd3 31. f4 c4 32. h5 Qc6 33. Rd1 Qf3 34. g6 hxg6 35. hxg6 fxg6 36. Ne2 Qe3+ 37. Kb1 Bf6 38. Rxd3 cxd3 39. Qc8+ Kh7 40. Nc3 Qe1+ 0-1

[Event "Kent Oliver mem"]
[Site "Winnipeg CAN"]
[Date "1999.01.09"]
[Round "3"]
[White "Cleto, Sam"]
[Black "Charter, Bennet"]
[Result "1/2-1/2"]
[WhiteElo "1992"]
[BlackElo "1568"]
[PlyCount "102"]
[GameId "2160767911805838"]
[EventDate "1999.01.08"]
[EventType "swiss"]
[EventRounds "5"]
[EventCountry "CAN"]

1. Nf3 d5 2. c4 c6 3. d4 e6 4. Nc3 dxc4 5. a4 Bb4 6. e3 b5 7. axb5 cxb5 8. Be2 Bb7 9. O-O a6 10. Qc2 Nf6 11. b3 Bxc3 12. Qxc3 Ne4 13. Qb4 Nc6 14. Qe1 cxb3 15. Ba3 Qd5 16. Nd2 Nxd2 17. Qxd2 Nxd4 18. f3 Nxf3+ 19. Bxf3 Qxd2 20. Bxb7 Qxe3+ 21. Kh1 Ra7 22. Bc6+ Kd8 23. Rfd1+ Kc7 24. Rac1 Kb6 25. Rd6 Qe5 26. Bf3+ Ka5 27. Bc5 Qb2 28. Bb6+ Ka4 29. Rd4+ b4 30. Rc5 Qa1+ 31. Rd1 b2 32. Ra5+ Kb3 33. Rdxa1 bxa1=Q+ 34. Rxa1 Rd7 35. Rb1+ Ka3 36. h3 Rc8 37. Ba5 b3 38. Be4 b2 39. Rf1 Rc1 40. Be1 Rdd1 41. Rf3+ Ka2 42. Bd3 Rxe1+ 43. Kh2 b1=Q 44. Bxb1+ Rxb1 45. Rxf7 Rh1+ 46. Kg3 Rb3+ 47. Kh4 a5 48. Ra7 Rb4+ 49. g4 a4 50. Kg5 Rxh3 51. Rxa4+ Rxa4 1/2-1/2